MDQL
is popping MORE tags! Check the
thread
!
Quizzes
Events
Quiz Creation
Community
Videos
Private Events
Remove Ads
Sign In
Join for FREE
Feedback
Dark Mode
Quiz Categories
Sports
Geography
Music
Movies
Television
Just For Fun
Miscellaneous
History
Literature
Language
Science
Gaming
Entertainment
Religion
Holiday
For Kids
Quiz Lab
Recent
Popular Today
Quiz Kudos Today
Editor Picks
Curator Picks
Quizzes by...
Day
Popularity
Type
Ratings
Length
Year
Community
Subscriptions
Recent Discussions
Orange Saloon
Badges
Playlists
Quests
Create
Leaderboards
Showdown
Live 5
Trivia Bingo
Activity
Puzzle Library
Sporcle Events
Private Events
Virtual Trivia
Globe League
Become a Host
Pub Owners
SporcleCon
Opinionation
Our Games
Videos
Blog
Mobile Apps
Partnerships
Remove Ads and Go Orange
Feedback
Sports
Athletes
MLB
NBA
NHL
NFL
Soccer
Sports Teams
WWE
NCAA
Football
Premier League
Basketball
Baseball
Hockey
Golf
Tennis
Cricket
Rugby
Auto Racing
Olympics
World Cup
Sports
Athletes
MLB
NBA
NHL
NFL
Soccer
Sports Teams
WWE
NCAA
Football
Premier League
Basketball
Baseball
Hockey
Golf
Tennis
Cricket
Rugby
Auto Racing
Olympics
World Cup
Random Quiz
Search Sporcle
×
Quiz Lab
Quiz Lab
Sports
Numbers
Type in answers that appear in a list
Type in answers that appear in a list
Classic
Best Score? Go Orange.
Cycling ranking 2009 Stats
Can you name the 50 best cyclers (road) of 2009 by cyclingranking.com?
By
Angelooo
8m
50 Questions
2,261 Plays
2,261 Plays
2,261 Plays
Comments
Comments
Give Quiz Kudos
Give Quiz Kudos
-
- Ratings
hide this ad
Replay
Link that replays current quiz
Next Quiz
Link to next quiz in quiz playlist
You Got
0%
They Got
Avg Score
52%
Avg Friend Score
Upgrade to see
Score Distribution
Jump to the score distribution portion of the page
Score
0/50
Timer
08:00
0
Plays Today
Number
Name
% Correct
1
Cadel Evans
97.3%
3
Alberto Contador Velasco
96.1%
16
Andy Schleck
93.9%
24
Frank Schleck
93.8%
8
Fabian Cancellara
91.5%
13
Mark Cavendish
90.4%
25
Luis Leon Sanchez Gil
89.2%
2
Alejandro Valverde Belmonte
87.8%
15
Thor Hushovd
87.7%
26
Tom Boonen
86.2%
4
Philippe Gilbert
85.5%
20
Bradley Wiggins
82.1%
50
Jose Joaquin Rojas Gil
80.3%
22
Denis Menchov
76.7%
9
Evald Boasson Hagen
73.6%
14
Vincenzo Nibali
73.2%
5
Samuel Sanchez Gonzalez
72.1%
11
Ivan Basso
72%
6
Roman Kreuziger
70%
29
Lance Armstrong
69.8%
36
Joaquin Rodriguez Oliver
65.2%
7
Damiano Cunego
64.6%
43
Levi Leipheimer
59.8%
18
Robert Gesink
57.7%
19
Tony Martin
56.8%
Number
Name
% Correct
40
Oscar Freire Gomez
54.5%
10
Tyler Farrar
53.1%
12
Sylvain Chavanel
52.6%
47
Carlos Sastre Candil
49%
27
Danilo di Luca
48.7%
17
Andreas Klöden
47.7%
23
Filippo Pozzato
40%
49
Alexandr Kolobnev
36.4%
45
Jakob Fuglsang
32.9%
39
Matti Breschel
32.5%
41
Vladimir Karpets
25.5%
31
Michael Rogers
24.3%
34
Sergei Ivanov
23.7%
32
Stefano Garzelli
23.6%
21
Franco Pellizotti
21.8%
38
Heinrich Haussler
21.2%
42
Daniele Bennati
19.7%
35
Tadej Valjavec
14.3%
46
Allan Davis
11.2%
37
Christophe Le Mevel
10.8%
44
Rinaldo Nocentini
7.2%
30
Mikel Astarloza Chaurreau
6.2%
48
Christian Knees
5%
28
Francesco Gavazzi
2.5%
33
Maxime Montfort
1.9%
Quiz Playlist
Details
Report
Send in Message
Add To Playlist
Classic:
Type in answers that appear in a list
Quiz Source
Last Updated: Oct 12, 2018
Quiz Scoreboard
CHALLENGE
Sign Up to Join the Scoreboard
Show All
Scores
Hide
Comments
May contain spoilers
Recently Published
5x2 Blitz: Bands
by SL_Kpop136
Music
30s
Colored Red Africa Blitz
by spor1
Geography
30s
Find the 'City' Movie
by crazypaving
Movies
60s
More to Explore
Quiz From the Vault
Featured Blog Post
14 Easter Pick-up Lines to Find Eggs With
hide this ad
You Might Also Like...
Tags
Country Quiz
Numbers Quiz
2009
Cycler
Cycling
road
Today's Top Quizzes in Sports
Browse Sports
hide this ad
Today's Top Quizzes in Numbers
Browse Numbers
Top Contributed Quizzes in Sports
1
Les entraîneurs de l'OM et du PSG au 21e siècle
2
Les meilleurs buteurs des matchs entre le PSG et l’OM
3
Players with Multiple 50 Home Run Seasons
4
2022 World Cup Stars
5
Les joueurs passés par le PSG et l'OM
6
NBA Logic Puzzle 2.0
7
Criteria MLB: Left Handed Sluggers
8
MLB Players with Two .350 Batting Average Seasons
9
Top 10 NHL Goal Scorers of All Time
10
Who Hit More Homers?
Explore More
Trending Topics
Anime
Disney
Marvel
NBA
Crossword
Harry Potter
Kpop
Puzzle
Pokémon
NFL
Country
WWE
Song
Soccer
The Office
hide this ad
More By:
Angelooo
Quiz
Plays
Rating
Category
Featured
Created
Cycling ranking 2009
2,261
3.67
Sports
Mar 15, 2010
Goalkeepers of the FIFA WorldCup 1998
1,202
3.14
Sports
Feb 10, 2010
FIFA World Cup Champions (the players)
924
4.44
Sports
Mar 3, 2010
Host Cities for FIFA World Cup ever
762
4.33
Geography
Aug 3, 2010
FIFA World Cup 2006 quarterfinalists
711
4.00
Sports
Jan 29, 2010
Go to Creator's Profile
Score Distribution
Quiz Creator Spotlight
Angelooo
Follow
Send a Message
Quizzes Created
-
Created Quiz Play Count
-
More By This Creator
Popular Quizzes Today
1
Colored Red Africa Blitz
2
Find the 'City' Movie
3
Find the US States - No Outlines Minefield
4
5x2 Blitz: Bands
5
The Countries of the World
6
Find the US States
7
Find the Countries of Europe - No Outlines Minefield
8
US States
More Sports Quizzes
Anyone But Charles Leclerc
Curator's Pick
Trending Quizzes
Colored Red Europe Blitz I
Colored Red Europe Blitz II
Colored Red Africa Blitz II
Colored Red Europe Blitz III
Colored Red Africa Blitz III
Recently Updated
How Do You Spell That?
pecheneg
Godzilla Movies
pecheneg
Grab Bag: 4-10 Letters
pecheneg
2024 March Madness Bracket
pecheneg
Famous TV Couples
Peacemaker
Champions League XIs: Real Madrid
pecheneg
Largest US Cities 1790-2010
pecheneg
Rides in Walt Disney World
pecheneg
Most Oscar Losses (Acting)
pecheneg
Beyoncé Albums
pecheneg
Trending Topics
Crossword
Kpop
NBA
Marvel
Disney
Anime
Harry Potter
Pokémon
NFL
Soccer
WWE
Puzzle
Country
Song
The Office
Your Account Isn't Verified!
In order to create a playlist on Sporcle, you need to verify the email address you used during registration. Go to your
Sporcle Settings
to finish the process.
Report this User
Report this user for behavior that violates our
Community Guidelines
.
Details:
Send Report
Go to the Sporcle.com Mobile Site →
Comments